书目信息 |
| 题名: |
影响世界的100个管理寓言
|
|
| 作者: | 杨保军 著 | |
| 分册: | ||
| 出版信息: | 广州 广东经济出版社 2003.07 |
|
| 页数: | 174页 | |
| 开本: | 21cm | |
| 丛书名: | ||
| 单 册: | ||
| 中图分类: | ||
| 科图分类: | ||
| 主题词: | 企业经济 | |
| 电子资源: | ||
| ISBN: | 7-80677-503-X | |
| 000 | 00579nam0 2200205 45 | |
| 001 | 0436827379 | |
| 005 | 2004032210134732 | |
| 010 | @a7-80677-503-X@dCNY 13.80 | |
| 100 | @a20040322d2003 km y0chiy0120 ea | |
| 101 | 0 | @achi |
| 102 | @aCN@b440000 | |
| 200 | 1 | @a影响世界的100个管理寓言@AYing Xiang Shi Jie De 100 Ge Guan Li Yu Yan@f杨保军著@FYang Bao Jun Zhu |
| 210 | @a广州@c广东经济出版社@d2003.07 | |
| 215 | @a174页@d21cm | |
| 606 | 0 | @a企业经济 |
| 690 | @a@v3 | |
| 690 | @aF270@v4 | |
| 701 | 0 | @a杨保军@AYang Bao Jun@4著 |
| 801 | 0 | @aCN@bPFT@c20040322 |
| 905 | @a@dF270@eY142 | |
| 影响世界的100个管理寓言/杨保军著.-广州:广东经济出版社,2003.07 |
| 174页;21cm |
| ISBN 7-80677-503-X:CNY 13.80 |
| ● |
| 相关链接 |
|
|
|
正题名:影响世界的100个管理寓言
索取号:F270/Y142
 
预约/预借
| 序号 | 登录号 | 条形码 | 馆藏地/架位号 | 状态 | 备注 |
| 1 | 374992 | 203749925 | 社科库409/409社科库 85排2列5层/ [索取号:F270/Y142] | 在馆 | |
| 2 | 374993 | 203749934 | 社科库409/409社科库 85排2列5层/ [索取号:F270/Y142] | 在馆 | |
| 3 | 374994 | 203749943 | 社科库409/409社科库 85排2列5层/ [索取号:F270/Y142] | 在馆 |